000 00400nam a22001697a 4500
003 BD-DhUIB
005 20251105185849.0
008 251105b |||||||| |||| 00| 0 eng d
040 _aBD-DhUIB
_cBD-DhUIB
050 _a332.0973
082 _222
100 _aRose, Peter S.
_9159
245 _aMoney and capital markets/
_cby Peter S. Rose.
250 _a9th ed.
526 _aBBA.
942 _2ddc
_cBK
999 _c659
_d659